000 00452ntaaa2200181 4500
003 01
005 20251027202115.0
008 0714s1973 ag 01
040 _aAR-BaBN
_bspa
_cAR-BaBN
_eaacr
_dRIC
082 _a252.4000 P913
100 _aPlatt, Frederic
_919535
245 _aImmanence and christian thought
250 _a1 ed.
260 _aNew York :
_bMethodist Book Concern,
_c1915
300 _a541 p
650 _asermones
_9362
942 _cBK
999 _c15930
_d15930